Statystyki dla Państwa które nie uznają Kosowa

Kliknij tutaj aby rozwiązać quiz!

Ogólne statystyki

  • Ten quiz został rozwiązany 76 razy
  • Średni wynik to 8 z 15

Statystyki odpowiedzi

PodpowiedźPaństwo% Poprawnych
Największe państwo
Świata
Rosja
95%
Sąsiad wiedomoSerbia
88%
Państwo sąsiadujące
Z Kolumbią i Peru
Ekwador
74%
Państwo składające się z jednej wyspy na
Południe od Indii
Sri Lanka
68%
Państwo graniczące z Gwatemala
I Meksykiem
Belize
62%
Jedno z dwóch państw śródlądowych
W Ameryce Południowej
Boliwia
62%
Państwo w którym odbędą się tegoroczne mistrzostwa
Świata
Katar
62%
Państwo które jest znane przez swoich herosów
Z przed naszej ery
Grecja
58%
Największe państwo Ameryki środkowejNikaragua
58%
W stolicy tego państwa odbył się za mach
Na nowego księcia Austro-Węgier
Bośnia i
Hercegowina
55%
Państwo które jako pierwsze pojawiła się na swieciaEgipt
50%
Państwo posiadające mur
Na jednej z granic
Białoruś
47%
Państwo Arabskie które po pierwszej wojnie światowej
Było pod kontrolą Francji
Syria
39%
Państwo w którym nie można palić papierosówBhutan
15%
Państwo trochę mniejsze
Niż podkarpackie
Vanuatu
3%

Rozkład punktacji

Percentyl według liczby udzielonych odpowiedzi

Procent ludzi z każdym wynikiem

Twoja historia wyników

Nie rozwiązałeś tego quizu